| 000 | 01404nam a2200253Ia 4500 | ||
|---|---|---|---|
| 999 |
_c48843 _d48843 |
||
| 001 | 15745 | ||
| 003 | GE_BSU | ||
| 005 | 20250131110911.0 | ||
| 008 | 181216s2015||||ge |||||||||||||| ||geo|| | ||
| 010 | _a9789941460067 | ||
| 040 | _cGE_BSU | ||
| 041 | _ageo | ||
| 080 | _a726:27-523.6 შ-93 | ||
| 100 |
_aშუგუროვი, ნ. მ. _924203 |
||
| 245 |
_aქართული ხახულის მონასტერი / _cნ.მ.შუგუროვი, რუს. ქართულად თარგმნეს მერაბ და ირმა ახვლედიანებმა,წერ. დაურთო შუშანა ფუტკარაძემ,რედ: შუშანა ფუტკარაძე,მერაბ ახვლედიანი |
||
| 264 |
_aბათუმი : _bაჭარა, _c2015. |
||
| 300 |
_a95 გვ.: _bილ; _c19 სმ. |
||
| 600 | _2ნაშრომი ეძღვნება წმინდა გრიგოლ ხანძთელის ხსოვნას. | ||
| 653 | _aქართული ხახულის მონასტერი | ||
| 653 | _aრელიგია | ||
| 700 |
_aახვლედიანი, მერაბ _eმთარგმნელი _99913 |
||
| 700 |
_aახვლედიანი, ირმა _eმთარგმნელი _924204 |
||
| 942 |
_cBK _2udc |
||